Vísperas, festividad y octava de San Camilo del año 1936 en Madrid
Na minha lista:
| Autor principal: | |
|---|---|
| Formato: | Livro |
| Idioma: | espanhol |
| Publicado em: |
Madrid
Alfaguara
1970
|
| Colecção: | Alfaguara Literaria, 24
|
| Assuntos: | |
| Tags: |
Adicionar Tag
Sem tags, seja o primeiro a adicionar uma tag!
|
MARC
| LEADER | 00000nam a2200000 a 4500 | ||
|---|---|---|---|
| 001 | UCU9364 | ||
| 003 | CL-VaPUC | ||
| 008 | 960816e19700000SP |||||||||||||||||spa|d | ||
| 082 | 0 | 4 | |a 863 |b CEL |2 21 |
| 100 | 0 | |a Cela, Camilo José |e author |9 320105 | |
| 245 | 1 | 0 | |a Vísperas, festividad y octava de San Camilo del año 1936 en Madrid |
| 300 | |a 443 p | ||
| 942 | |c BK | ||
| 945 | |d 19960816 00:00:00 |a rbrito | ||
| 260 | |a Madrid |b Alfaguara |c 1970 | ||
| 650 | 0 | |a Novelas españolas |9 265052 | |
| 583 | |a last modification |c 19960816 00:00:00 |k Rodrigo Vera | ||
| 490 | 0 | |a Alfaguara Literaria, 24 | |
| 999 | |c 251122 |d 251120 | ||
| 952 | |0 0 |1 0 |4 0 |6 863_000000000000000_CEL_1970 |7 0 |8 A |9 270084 |a BIBEDU |b BIBEDU |d 2019-11-19 |i 3220869 |o 863 CEL 1970 |p 3220869 |r 2019-11-19 |w 2019-11-19 |y BK |k LIT | ||
| 952 | |0 0 |1 0 |4 0 |6 863_000000000000000_CEL_1970 |7 0 |8 A |9 270085 |a BIBEDU |b BIBEDU |d 2019-11-19 |i 3249379 |o 863 CEL 1970 |p 3249379 |r 2019-11-19 |w 2019-11-19 |y BK |k EDU | ||